'The Breakfast Club' Nicknames Quiz Stats

 Plays Quiz Updated Oct 24, 2016

Score 0/5 Timer 01:30
0 Plays Today
Name Nickname % Correct
Claire Standish The Princess
87.6%
Brian JohnsonThe Brain
75.1%
Andrew ClarkThe Athlete
71.4%
John BenderThe Criminal
67.7%
Allison ReynoldsThe Basket Case
66.4%

You're not logged in!

Compare scores with friends on all Sporcle quizzes.
OR
Log In

Sporcle TV

Today on Sporcle TV


Watch our educational content, quiz creation guides, and fun videos on Sporcle TV.

Show Comments

Extras

Top Quizzes Today


Score Distribution

Your Account Isn't Verified!

In order to create a playlist on Sporcle, you need to verify the email address you used during registration. Go to your Sporcle Settings to finish the process.

Report this User

Report this user for behavior that violates our Community Guidelines.

Details: